000 01137nab a2200205 i 4500
001 768714001
003 CO-MdFUSB
005 20230505113136.0
008 230505s1998 us ||||| |||| 00| 0 eng d
040 _bspa
_aCO-MdFUSB
_cCO-MdFUSB
_dCO-MdFUSB
041 _aeng
100 _aBierly, Steve R.
_eautor
245 _aFinding excellence in a small church
_c/ Steve R. Bierly
300 _aVolumen 19, número 3 (Summer 1998), páginas 87 - 89
_c; 27 cm.
520 _aAyudar a los jóvenes a encontrase con Dios, y a veces luchar con él, puede definirse como “excelencia” en una pequeña iglesia —o cualquier iglesia, si miras más allá de los números. Sin embargo, ¿Están las personas creciendo? ¿están los pastores y líderes, ayudando a otros a crecer? ¿Se está alcanzando personas más allá de las puertas de la iglesia con el Evangelio? Si se juzga parcialmente ¿Qué se va a encontrar?
546 _aTexto en Inglés
650 7 _9655
_aIglesia
773 0 _068780
_981947
_oR2462
_tLeadership :
_w(CO-MdFUSB)768714001
_gVolumen 19, número 3 (Summer 1998), páginas 87 - 89
_qpágina 87
942 _cANA
999 _c68848
_d68848